000 00974nam a2200373Ia 4500
001 13166
005 20240113235432.0
007 ta
008 051031s2000 a g b000 u 465 u
020 _a81-85624-94-1
040 _aCotton College,Assam
041 _a465
082 _a516.16
_bDa 26 Hi
100 _aDas, B.C..
245 0 _aHigher Secondary Co-Ordinate and Solid Geometry /
_cB.C.Das & B.N.Mukherjee.
_hTextual Documents
250 _a14th ed. /
260 _aCalcutta :
_bU. N. Dhur & Sons Pvt. Ltd. ,
_c2000.
300 _avvii,147p. :
_bill ;
_c22cm .
653 _aGeometry
653 _aCo-Ordinate-Geometry
653 _aSolid Geometry
653 _aG-Mathematics
653 _aMathematics
700 _aMukherjee, B.N..
942 _2ddc
_cBK
999 _c13152
_d13152